Bilecik Bilecik Bilecik Bilecik Bilecik

Sadakat nereye kadar/ (Record no. 58823)

MARC details
000 -BAŞLIK
Sabit Uzunluktaki Kontrol Alanı 01001nam a22003257a 4500
001 - KONTROL NUMARASI
Control Dosyası 0059019
003 - KONTROL NUMARASI KİMLİĞİ
Kontrol Alanı KOHA_MİRAKIL
005 - EN SON İŞLEM TARİHİ ve ZAMANI
Kontrol Alanı 20260207004215.0
007 - FİZİKSEL TANIM SABİT ALAN - GENEL BİLGİ
Sabit uzunluklu kontrol alanı ta
008 - SABİT UZUNLUKTAKİ VERİ ÖGELERİ - GENEL BİLGİ
Sabit Alan 160728b2020 tu |||gr||||#0|||0|tur |
020 ## - ISBN - ULUSLARARASI STANDART KİTAP NUMARASI
Isbn 9786052314388
040 ## - KATALOGLAMA KAYNAĞI
Özgün Kataloglama Kurumu TR-BiSEU
Kataloglama Dili tur
Çeviri Kurumu TR-BiSEU
Açıklama Kuralları rda
041 0# - DİL KODU
Metin ya da ses kaydının dil kodu tur
044 ## - YAYINLAYAN/ÜRETEN KURULUŞUN ÜLKE KODU
ISO country code tu
050 ## - SINIFLAMA ve YER NUMARASI
Sınıflama Numarası HE9780
Yer Numarası .U53 2020
100 1# - KİŞİ ADI
Yazar Adı (Kişi adı) Uncular, Muhittin Hasan.
245 1# - ESER ADI BİLDİRİMİ
Başlık Sadakat nereye kadar/
Sorumluluk Bildirimi Muhittin Hasan Uncular ; Muhittin Hasan Uncular.
264 #1 - ÜRERİM, YAYIN, DAĞITIM ve TELİF BİLDİRİMİ
Yayın yeri İstanbul :
Yayınlayan Maltepe Üniversitesi Yayınları
Yayın tarihi 2020
300 ## - FİZİKSEL TANIMLAMA
Sayfa, Cilt vb. 220 sayfa; 20 cm.
336 ## - İÇERİK TÜRÜ
Content type term metin
Content type code txt
Source rdacontent
337 ## - MEDYA TÜRÜ
Media type term aracısız
Media type code n
Source rdamedia
338 ## - TAŞIYICI TÜRÜ
Carrier type term cilt
Carrier type code nc
Source rdacarrier
490 1# - DİZİ BİLDİRİMİ
Dizi Bildirimi Maltepe Üniversitesi yayınları ;
Cilt Numarası 19
500 ## - GENEL NOT
Genel Not Kaynakça var.
650 #0 - KONU BAŞLIĞI EK GİRİŞ - KONU TERİMİ
Konusal terim veya coğrafi ad Havayolları--Yönetim.
9 (RLIN) 91386
650 #0 - KONU BAŞLIĞI EK GİRİŞ - KONU TERİMİ
Konusal terim veya coğrafi ad Airlines--Management.
9 (RLIN) 91389
830 1# - SERİ EK GİRİŞİ - TEKBİÇİM ESER ADI
Tekbiçim Başlık Maltepe Üniversitesi yayınları ;
Volume number/sequential designation 19
9 (RLIN) 53320
907 ## - LOCAL DATA ELEMENT G, LDG (RLIN)
a Sosyal Bilimler
942 ## - EK GİRİŞ ÖGELERİ (KOHA)
Source of classification or shelving scheme Library of Congress Classification
Koha item type Book
Holdings
Materyal Türü Kalıcı Konum Mevcut Konum Raf Yeri Sınıflandırma Kaynağı Edinim Bilgisi Ana Konular Alt Konular Yer Numarası Demirbaş Numarası Fatura Tarihi Geri Çekilme Durumu Kayıp Durumu Hasarlı Durumu Kredi için değil Kayıt Tarih Toplam Ödünçverme Son Görülme Tarihi Son Kontrol Tarihi Genel / Bağış Notu
Book Prof. Dr. Azmi Özcan Kütüphanesi Prof. Dr. Azmi Özcan Kütüphanesi Uluğbey Salonu Library of Congress Classification Bağış SOSYAL BİLİMLER Ulaşım ve İletişim HE9780 .U53 2020 0059019 02/02/2026         28/07/2016   05/12/2024 05/12/2024 Genel Bağış